🏙️Pays à partir de 5 villes (sans la capitale) #3 - Statistiques

Statistiques générales
  • Ce quiz a été pris 208 fois
  • Le résultat moyen est 11 sur 16
Statistiques - réponses
Villes Pays % Correct
New YorkLos Angeles
Chicago Houston Phoenix
États-Unis
99%
Hô Chi Minh-Ville (Saïgon)Haïphong Da Nang Biên Hòa Hué Vietnam
96%
AnversGand Charleroi Liège Bruges Belgique
93%
DubaïCharjah Ajman Ras el Khaïmah Fujaïrah Émirats Arabes Unis
93%
CracovieŁódź Wrocław Poznań Gdańsk Pologne
91%
GöteborgMalmö Uppsala Linköping Västerås Suède
87%
Lagos KanoIbadan Kaduna Port Harcourt Nigeria
85%
OranConstantine Annaba Blida Batna Algérie
82%
AlepHoms Lattaquié Hama Deir ez-Zor Syrie
75%
DebrecenSzeged Miskolc Pécs Győr Hongrie
60%
Puente AltoViña del Mar
Antofagasta Valparaíso San Bernardo
Chili
57%
Subang Jaya Kelang Ipoh Johor Bahru Ipoh Malaisie
49%
AlmatyChimkent Karaganda Aktioubé Pavlodar Kazakhstan
42%
Santa Cruz de la SierraEl Alto Cochabamba Oruro Tarija Bolivie
41%
MombasaKisumu Nakuru Eldoret Ruiru Kenya
35%
HargeisaBorama Merka Kismaayo Jamaame Somalie
16%
Aucun quiz correspondant
Distribution des résultats
% des personnes avec chaque résultat
Percentile par nombre de réponses
Votre historique - résultats
Vous n’avez pas pris ce quiz